<?xml version="1.0" encoding="UTF-8"?>
<record
    xmlns:xsi="http://www.w3.org/2001/XMLSchema-instance"
    xsi:schemaLocation="http://www.loc.gov/MARC21/slim http://www.loc.gov/standards/marcxml/schema/MARC21slim.xsd"
    xmlns="http://www.loc.gov/MARC21/slim">

  <leader>01681nam a22003257a 4500</leader>
  <datafield tag="999" ind1=" " ind2=" ">
    <subfield code="c">1852</subfield>
    <subfield code="d">1852</subfield>
  </datafield>
  <controlfield tag="001">11191</controlfield>
  <controlfield tag="003">BD-DhUAP</controlfield>
  <controlfield tag="005">20200217111930.0</controlfield>
  <controlfield tag="008">200217s2003    ii ar    w    0   a0eng c</controlfield>
  <datafield tag="040" ind1=" " ind2=" ">
    <subfield code="a">MUL</subfield>
    <subfield code="b">eng</subfield>
    <subfield code="c">MUL</subfield>
    <subfield code="d">BD-DhUAP</subfield>
  </datafield>
  <datafield tag="082" ind1=" " ind2=" ">
    <subfield code="2">23 </subfield>
    <subfield code="a">348.54046 ALL </subfield>
  </datafield>
  <datafield tag="245" ind1="0" ind2="0">
    <subfield code="a">All India reporter 2003.</subfield>
  </datafield>
  <datafield tag="260" ind1=" " ind2=" ">
    <subfield code="a">Nagpur, India :</subfield>
    <subfield code="b">All India Reporter, </subfield>
    <subfield code="c">2003.</subfield>
  </datafield>
  <datafield tag="300" ind1=" " ind2=" ">
    <subfield code="a">volumes :</subfield>
    <subfield code="b">illustrations ;</subfield>
    <subfield code="c">25 cm.</subfield>
  </datafield>
  <datafield tag="500" ind1=" " ind2=" ">
    <subfield code="a">Some of the volumes have on spine: A.I.R.</subfield>
  </datafield>
  <datafield tag="500" ind1=" " ind2=" ">
    <subfield code="a">Includes also text of acts, articles, book reviews, etc.</subfield>
  </datafield>
  <datafield tag="505" ind1=" " ind2=" ">
    <subfield code="a">V. 90--</subfield>
  </datafield>
  <datafield tag="515" ind1=" " ind2=" ">
    <subfield code="a">Vols. 1-36, 1914-1949; vols. 86-, 1999-, issued in separate parts, called sections: Journal section, Acts section, Federal Court section, Privy Council section, Allahabad section, Assam section, Bombay section, Calcutta section, East Punjab section, Gujarat section, Lahore section, Madhya Pradesh section, Madras section, Mysore section, Nagpur section, Patna section, Punjab section, Supreme Court section. Beginning with v. 91 (2004), a new section: Supreme Court monthly digest, appears, this vol. lacks the All India reporter title; but has A.I.R. 2004 (v. 91) on spine.</subfield>
  </datafield>
  <datafield tag="515" ind1=" " ind2=" ">
    <subfield code="a">Isssues for &lt;2015-&gt; also include: Evolution of law section, and: Hyderbad section.</subfield>
  </datafield>
  <datafield tag="525" ind1=" " ind2=" ">
    <subfield code="a">Some sections include supplement volumes.</subfield>
  </datafield>
  <datafield tag="555" ind1=" " ind2=" ">
    <subfield code="a">Vol. 93 (2006). 1 v.</subfield>
  </datafield>
  <datafield tag="588" ind1=" " ind2=" ">
    <subfield code="a">Latest issue consulted: Vol. 102 (2015) (surrogate).</subfield>
  </datafield>
  <datafield tag="590" ind1=" " ind2=" ">
    <subfield code="a">SERBIB/SERLOC merged record</subfield>
  </datafield>
  <datafield tag="590" ind1=" " ind2=" ">
    <subfield code="a">Holdings also in 3x5 file.</subfield>
  </datafield>
  <datafield tag="650" ind1=" " ind2="0">
    <subfield code="a">Law reports, digests, etc.</subfield>
    <subfield code="z">India.</subfield>
  </datafield>
  <datafield tag="650" ind1=" " ind2="7">
    <subfield code="a">Law reports, digests, etc.</subfield>
  </datafield>
  <datafield tag="651" ind1=" " ind2="7">
    <subfield code="a">India.</subfield>
  </datafield>
  <datafield tag="710" ind1="2" ind2=" ">
    <subfield code="a">Supreme Court of India.</subfield>
  </datafield>
  <datafield tag="942" ind1=" " ind2=" ">
    <subfield code="2">ddc</subfield>
    <subfield code="c">BK</subfield>
  </datafield>
  <datafield tag="952" ind1=" " ind2=" ">
    <subfield code="0">0</subfield>
    <subfield code="1">0</subfield>
    <subfield code="2">ddc</subfield>
    <subfield code="4">0</subfield>
    <subfield code="7">0</subfield>
    <subfield code="a">UAPCL</subfield>
    <subfield code="b">UAPCL</subfield>
    <subfield code="c">General Stacks</subfield>
    <subfield code="d">2020-02-17</subfield>
    <subfield code="o">348.54046 ALL V-90</subfield>
    <subfield code="p">3010011191</subfield>
    <subfield code="r">2020-02-17</subfield>
    <subfield code="t">1</subfield>
    <subfield code="w">2020-02-17</subfield>
    <subfield code="y">BK</subfield>
  </datafield>
  <datafield tag="952" ind1=" " ind2=" ">
    <subfield code="0">0</subfield>
    <subfield code="1">0</subfield>
    <subfield code="2">ddc</subfield>
    <subfield code="4">0</subfield>
    <subfield code="7">0</subfield>
    <subfield code="a">UAPCL</subfield>
    <subfield code="b">UAPCL</subfield>
    <subfield code="c">General Stacks</subfield>
    <subfield code="d">2020-02-17</subfield>
    <subfield code="o">348.54046 ALL V-90</subfield>
    <subfield code="p">3010011192</subfield>
    <subfield code="r">2020-02-17</subfield>
    <subfield code="t">2</subfield>
    <subfield code="w">2020-02-17</subfield>
    <subfield code="y">BK</subfield>
  </datafield>
  <datafield tag="952" ind1=" " ind2=" ">
    <subfield code="0">0</subfield>
    <subfield code="1">0</subfield>
    <subfield code="2">ddc</subfield>
    <subfield code="4">0</subfield>
    <subfield code="7">0</subfield>
    <subfield code="a">UAPCL</subfield>
    <subfield code="b">UAPCL</subfield>
    <subfield code="c">General Stacks</subfield>
    <subfield code="d">2020-02-17</subfield>
    <subfield code="o">348.54046 ALL V-90</subfield>
    <subfield code="p">3010011189</subfield>
    <subfield code="r">2020-02-17</subfield>
    <subfield code="t">3</subfield>
    <subfield code="w">2020-02-17</subfield>
    <subfield code="y">BK</subfield>
  </datafield>
  <datafield tag="952" ind1=" " ind2=" ">
    <subfield code="0">0</subfield>
    <subfield code="1">0</subfield>
    <subfield code="2">ddc</subfield>
    <subfield code="4">0</subfield>
    <subfield code="7">0</subfield>
    <subfield code="a">UAPCL</subfield>
    <subfield code="b">UAPCL</subfield>
    <subfield code="c">General Stacks</subfield>
    <subfield code="d">2020-02-17</subfield>
    <subfield code="o">348.54046 ALL V-90</subfield>
    <subfield code="p">3010011190</subfield>
    <subfield code="r">2020-02-17</subfield>
    <subfield code="t">4</subfield>
    <subfield code="w">2020-02-17</subfield>
    <subfield code="y">BK</subfield>
  </datafield>
  <datafield tag="952" ind1=" " ind2=" ">
    <subfield code="0">0</subfield>
    <subfield code="1">0</subfield>
    <subfield code="2">ddc</subfield>
    <subfield code="4">0</subfield>
    <subfield code="7">0</subfield>
    <subfield code="a">UAPCL</subfield>
    <subfield code="b">UAPCL</subfield>
    <subfield code="c">General Stacks</subfield>
    <subfield code="d">2020-02-17</subfield>
    <subfield code="o">348.54046 ALL V-90</subfield>
    <subfield code="p">3010011262</subfield>
    <subfield code="r">2020-02-17</subfield>
    <subfield code="t">5</subfield>
    <subfield code="w">2020-02-17</subfield>
    <subfield code="y">BK</subfield>
  </datafield>
  <datafield tag="952" ind1=" " ind2=" ">
    <subfield code="0">0</subfield>
    <subfield code="1">0</subfield>
    <subfield code="2">ddc</subfield>
    <subfield code="4">0</subfield>
    <subfield code="7">0</subfield>
    <subfield code="a">UAPCL</subfield>
    <subfield code="b">UAPCL</subfield>
    <subfield code="c">General Stacks</subfield>
    <subfield code="d">2020-02-17</subfield>
    <subfield code="o">348.54046 ALL V-90</subfield>
    <subfield code="p">3010011196</subfield>
    <subfield code="r">2020-02-17</subfield>
    <subfield code="t">6</subfield>
    <subfield code="w">2020-02-17</subfield>
    <subfield code="y">BK</subfield>
  </datafield>
  <datafield tag="952" ind1=" " ind2=" ">
    <subfield code="0">0</subfield>
    <subfield code="1">0</subfield>
    <subfield code="2">ddc</subfield>
    <subfield code="4">0</subfield>
    <subfield code="7">0</subfield>
    <subfield code="a">UAPCL</subfield>
    <subfield code="b">UAPCL</subfield>
    <subfield code="c">General Stacks</subfield>
    <subfield code="d">2020-02-17</subfield>
    <subfield code="o">348.54046 ALL V-90</subfield>
    <subfield code="p">3010011195</subfield>
    <subfield code="r">2020-02-17</subfield>
    <subfield code="t">7</subfield>
    <subfield code="w">2020-02-17</subfield>
    <subfield code="y">BK</subfield>
  </datafield>
  <datafield tag="952" ind1=" " ind2=" ">
    <subfield code="0">0</subfield>
    <subfield code="1">0</subfield>
    <subfield code="2">ddc</subfield>
    <subfield code="4">0</subfield>
    <subfield code="7">0</subfield>
    <subfield code="a">UAPCL</subfield>
    <subfield code="b">UAPCL</subfield>
    <subfield code="c">General Stacks</subfield>
    <subfield code="d">2020-02-17</subfield>
    <subfield code="o">348.54046 ALL V-90</subfield>
    <subfield code="p">3010011193</subfield>
    <subfield code="r">2020-02-17</subfield>
    <subfield code="t">8</subfield>
    <subfield code="w">2020-02-17</subfield>
    <subfield code="y">BK</subfield>
  </datafield>
  <datafield tag="952" ind1=" " ind2=" ">
    <subfield code="0">0</subfield>
    <subfield code="1">0</subfield>
    <subfield code="2">ddc</subfield>
    <subfield code="4">0</subfield>
    <subfield code="7">0</subfield>
    <subfield code="a">UAPCL</subfield>
    <subfield code="b">UAPCL</subfield>
    <subfield code="c">General Stacks</subfield>
    <subfield code="d">2020-02-17</subfield>
    <subfield code="o">348.54046 ALL V-90</subfield>
    <subfield code="p">3010011194</subfield>
    <subfield code="r">2020-02-17</subfield>
    <subfield code="t">9</subfield>
    <subfield code="w">2020-02-17</subfield>
    <subfield code="y">BK</subfield>
  </datafield>
  <datafield tag="952" ind1=" " ind2=" ">
    <subfield code="0">0</subfield>
    <subfield code="1">0</subfield>
    <subfield code="2">ddc</subfield>
    <subfield code="4">0</subfield>
    <subfield code="7">0</subfield>
    <subfield code="a">UAPCL</subfield>
    <subfield code="b">UAPCL</subfield>
    <subfield code="c">General Stacks</subfield>
    <subfield code="d">2020-02-17</subfield>
    <subfield code="o">348.54046 ALL V-90</subfield>
    <subfield code="p">3010011197</subfield>
    <subfield code="r">2020-02-17</subfield>
    <subfield code="t">10</subfield>
    <subfield code="w">2020-02-17</subfield>
    <subfield code="y">BK</subfield>
  </datafield>
</record>
